000 00491nam a2200157Ia 4500
003 OSt
005 20200707102251.0
008 190216s9999||||xx |||||||||||||| ||und||
040 _coclc
082 _a973
_bBEA/B
100 _aBeard, Charles A
_93583
245 4 _aThe Berards` New Basic History Of The United States /
_cCharles A Beard ; Mary R Beard
260 _bDoubleday And Co,
_c1960.
_aNew York:
300 _a547p
942 _cBK
_2ddc
_h973
_iBEA/B
_k973
_mBEA/B
999 _c19019
_d19019